00238nam a2200085Ia 4500008004100000100001300041245003900054260005000093300000900143190216s9999||||xx |||||||||||||| ||und|| aReddin J 0aEffective Management By Objectives bTata Mcgraw Hill Publishing Company Ltdc1976 a224p